| 000 | 00669cab a2200205 4500 | ||
|---|---|---|---|
| 001 | L136592 | ||
| 008 | 070209n2007 000 0 eng u | ||
| 035 | _a(Sirsi) u136592 | ||
| 041 | 0 | _aeng | |
| 100 | 1 | _aElliott, Graham | |
| 245 | 0 | 0 | _aIf only the matter were less taxing |
| 260 | _c2007 | ||
| 490 | 0 | 0 |
_aEstates Gazette _v(0705) 3 February 2007, 304(1) |
| 520 | _aLooks at the issues involved in the treatment of VAT and easements, covering EU legislation and case law and specifically focusing on rights to light. | ||
| 590 | _aKA | ||
| 651 | 4 |
_aUnited Kingdom _y |
|
| 690 | _aPROPERTY-PROPERTY TAXATION | ||
| 690 |
_aBoundary disputes _96221 |
||
| 942 | _n0 | ||
| 999 |
_c78360 _d78360 |
||